000 00562 a2200181 4500
001 26709
005 20260407155545.0
008 260407a1957 arg spa d
003 AR-UNSa-BCEJYS
040 _aAR-UNSa-BCEJYS
_bspa
_cAR-UNSa-BCEJYS
080 _a347(094.4)
_xCódigo Civil
245 1 0 _aCódigo Civil
_pcon las notas de Vélez Sarfield y Leyes complementarias
264 1 _aBuenos Aires :
_bRoque Depalma Editor
_c1957
300 _a1086 p.
_c20 cm.
942 _cBK
590 _aniveau_biblio:m niveau_hierar:0
100 1 _aArgentina [Código Civil]
999 _c1490
_d1490